| 000 | 00654nam a2200181 i 4500 | ||
|---|---|---|---|
| 001 | 46939 | ||
| 003 | ES-MaACL | ||
| 005 | 20230906161455.0 | ||
| 007 | t| | ||
| 008 | 030402s1959 sp ||||1| spa d | ||
| 245 | 0 | 3 | _aLa Constitución francesa de 5 de octubre de 1958. |
| 260 |
_aMadrid : _bSección de Publicaciones Universidad, _c1959 ( _fBermejo) |
||
| 300 |
_a114 p. ; _c22 cm. |
||
| 500 | _aTraducción española del texto promulgado. | ||
| 500 | _aPrecede al tít.: Universidad de Madrid. Facultad de Derecho. Sección de Publicaciones. | ||
| 710 | 0 | 0 |
_aUniversidad de Madrid. _bFacultad de Derecho. _97212 |
| 852 |
_aES-MaACL _jC-17241 _bR.45158 |
||
| 999 |
_c46939 _d46939 |
||